000 00356nam a2200157Ia 4500
003 OSt
005 20240413093022.0
008 170523s9999 xx 000 0 und d
020 _aNIL
040 _cIIMT UNIVERSITY, MEERUT
100 _aAIMA
245 0 _aGLOBAL TRENDS IN FINANECE
260 _bEXCEL PUBLICATION
_c1981
300 _a159
942 _2ddc
_c02
999 _c824
_d824